000 01355nam a22003737a 4500
003 CHAP
005 20220329133054.0
008 971013s1990 r 00010 d
010 _a1838
011 _a2810
035 _a2010
040 _cCHAP
090 _aTesis
100 0 0 _aMiranda Suárez, Reginaldo.
_976113
245 _aDescripción de la actividad porcícola en el municipio de Atotonilco el Alto, Jalisco (estudio basado en encuesta por muestreo estadístico)
260 _aChapingo, Méx. :
_bEl Autor,
_c1990
300 _a107 h.
_b: ilus.
_e+ apénd.
500 _aD43-116
502 _aTesis (Ing. Agr. Esp. en Zootecnia) -- UACH. Departamento de Zootecnia
590 _aALEPH
_b10
_c20130110
_lUCH01
_h1209
590 _aBATCH-UPD
_b10
_c20130110
_lUCH01
_h0105
590 _aBATCH-UPD
_b10
_c20130110
_lUCH01
_h1342
590 _aBATCH-UPD
_b10
_c20130409
_lUCH01
_h2055
590 _aBATCH-UPD
_b10
_c20130410
_lUCH01
_h0842
590 _aBATCH-UPD
_b10
_c20130914
_lUCH01
_h1519
590 _aCONVERSION
_b10
_c20130109
_lUCH01
_h1302
650 1 4 _aGanado porcino
_xEstadísticas
_xJalisco.
_945365
650 1 4 _aGanado porcino
_xJalisco.
_945378
650 1 4 _aGanado porcino
_xMejoramiento.
_945382
901 _aBK
942 _cFOLL
949 _bBC
_cTES
_d-11505
_eTS1
_h23550
_i2010
_si
949 _bBC
_cTES
_d-70363
_eTS2
_fc.2
_h23551
_i2010
_si
999 _c1838
_d1838